Normal view
MARC view
- ur Rehman, Mujeeb
Entry Personal Name
001 - CONTROL NUMBER
- control field: 123734
003 - CONTROL NUMBER IDENTIFIER
- control field: NUST
005 - DATE AND TIME OF LATEST TRANSACTION
- control field: 20240614163319.0
008 - FIXED-LENGTH DATA ELEMENTS
- fixed length control field: 240614|| aca||aabn | a|a d
040 ## - CATALOGING SOURCE
- Original cataloging agency: NUST
- Transcribing agency: NUST
100 ## - HEADING--PERSONAL NAME
- Personal name: ur Rehman, Mujeeb
670 ## - SOURCE DATA FOUND
- Source citation: Work cat.: (NUST): ur Rehman, Mujeeb, Boundary Value Problems for Fractional Differential Equations: Existence Theory and Numerical Solutions/
